Webster`s New World Dictonery (Запис № 278148)

МАРК-запис
000 -LEADER
fixed length control field 00233nam a22001097a 4500
041 ## - LANGUAGE CODE
Language code of text/sound track or separate title eng
080 ## - UNIVERSAL DECIMAL CLASSIFICATION NUMBER
Universal Decimal Classification number 80
100 ## - MAIN ENTRY--PERSONAL NAME
Personal name Neufeldt, V., Guralnik, D. B.
245 ## - TITLE STATEMENT
Title Webster`s New World Dictonery
650 ## - SUBJECT ADDED ENTRY--TOPICAL TERM
Topical term or geographic name as entry element Reference
942 ## - ADDED ENTRY ELEMENTS (KOHA)
Koha item type Книги
Фонди
Withdrawn status Lost status Source of classification or shelving scheme Damaged status Not for loan Home library Current library Date acquired Source of acquisition Cost, normal purchase price Total Checkouts Total Renewals Full call number Barcode Checked out Date last seen Date checked out Price effective from Koha item type
    Universal Decimal Classification     ВІЛ - Відділ іноземн. літератури НБ ВІЛ - Відділ іноземн. літератури НБ 08/08/2005 №346 4.00 1 1 80 201929 15/07/2019 01/02/2019 01/02/2019 08/02/1999 Книги